000
00252nam a2200097Ia 4500
001
689298
005
20250826161631.0
008
250824s9999 xx 000 0 und d
245
0
_a
AVUCUNUZDAKİ KELEBEK
_c
AHMET ŞERİF İZGÖREN
260
_b
ELMA YAYINLARI
999
_c
689298
_d
689298